[Event "GER-ch Schools U18 Girls"]
[Site "Germany"]
[Date "2010.05.08"]
[Round "4.4"]
[White "Holler, Sophia"]
[Black "Winterberg, Johanna"]
[Result "0-1"]
[WhiteElo "800"]
[BlackElo "1004"]
[PlyCount "88"]
[EventDate "2010.05.07"]
[EventType "team-swiss"]
[EventRounds "7"]
[EventCountry "GER"]
[SourceTitle "EXT 2011"]
[Source "ChessBase"]
[SourceDate "2010.11.26"]
[SourceVersion "1"]
[SourceVersionDate "2010.11.26"]
[SourceQuality "1"]
[WhiteTeam "Donauwoerth Gymn (W)"]
[BlackTeam "Langensalza SG (W)"]
[WhiteTeamCountry "GER"]
[BlackTeamCountry "GER"]

1. e4 c5 2. Nf3 Nc6 3. Bc4 d6 4. Nc3 Nf6 5. d3 g6 6. d4 Bg4 7. d5 Bxf3 8. Qxf3 Nd4 9. Qd3 Bg7 10. 0-0 0-0 11. Qh3 Nxc2 12. Rb1 Qc8 13. Qh4 Qg4 14. Qxg4 Nxg4 15. Bd2 Ne5 16. b3 Nxc4 17. bxc4 b6 18. Rbc1 Nd4 19. Rce1 Nc2 20. Re2 Na3 21. Bc1 Nxc4 22. Nd1 a5 23. Ne3 Nxe3 24. Rxe3 Bh6 25. Rh3 Bxc1 26. Rxc1 b5 27. f4 e6 28. Rd1 b4 29. Rf3 c4 30. dxe6 fxe6 31. Rxd6 Rfe8 32. Kf2 Rad8 33. Ra6 Rd2+ 34. Kf1 Rxa2 35. Rf2 Ra1+ 36. Ke2 b3 37. Kd2 b2 38. Rb6 b1Q 39. Rxb1 Rxb1 40. Kc3 Rc8 41. Rc2 Rb3+ 42. Kd4 Rd3+ 43. Ke5 Kf7 44. Rb2 Rc5# 0-1